LEADER 00790nam a2200229 i 4500 001 991000449159707536 005 20020506130604.0 008 940420s1990 it ||| | ita 035 $ab10701862-39ule_inst 035 $aEXGIL145676$9ExL 040 $aBiblioteca Interfacoltŕ$bita 100 1 $aLo Bosco, Ugo$0468109 245 10$aUgo Lo Bosco /$ca cura di Ettore Capuano 260 $aPoggibonsi :$bLalli,$c[1990] 300 $a116 p. :$bill. ;$c24 cm. 700 1 $aCapuano, Ettore 907 $a.b10701862$b02-04-14$c28-06-02 912 $a991000449159707536 945 $aLE002 Ar. III G 9$g1$i2002000980045$lle002$o-$pE0.00$q-$rl$s- $t0$u0$v0$w0$x0$y.i10797154$z28-06-02 996 $aUgo Lo Bosco$9909015 997 $aUNISALENTO 998 $ale002$b01-01-94$cm$da $e-$fita$git $h0$i1 LEADER 01253nas 2200373 c 450 001 9910896282103321 005 20260218110212.0 035 $a(DE-599)ZDB2757261-4 035 $a(OCoLC)985077910 035 $a(DE-101)1047491648 035 $a(CKB)4910000000550039 035 $a(DE-599)2757261-4 035 $a(EXLCZ)994910000000550039 100 $a20140214b19911998 |y | 101 0 $a||| 135 $aur||||||||||| 181 $ctxt$2rdacontent 182 $cc$2rdamedia 183 $acr$2rdacarrier 200 10$aSborni?k praci? Filozoficke? Fakulty Brne?nske? Univerzity$e= Studia minora Facultatis Philosophicae Universitatis Brunensis$hD$iR?ada litera?rne?ve?dna? 210 31$aBrno$c[Verlag nicht ermittelbar]$d1991-1998 215 $aOnline-Ressource 300 $aGesehen am 14.02.14 517 1 $aStudia minora Facultatis Philosophicae Universitatis Brunensis 517 1 $aSborni?k praci? Filozoficke? Fakulty Brne?nske? Univerzity / D 608 $aZeitschrift$2gnd-content 676 $a890 801 0$b0355 801 1$bDE-101 801 2$b9999 906 $aJOURNAL 912 $a9910896282103321 996 $aSborník prací Filozofické fakulty brn?nské univerzity$94236804 997 $aUNINA